Hệ thống thủy lực trên máy công nghiệp

Trình bày nguyên lí thuỷ lực, thuỷ tĩnh. Bình chứa dầu và phụ tùng, bơm thuỷ lực. Nguyên lí của bộ tác động trong hệ thống thuỷ lực. Cách mạch thuỷ lực và sơ đồ mạch...

Na minha lista:
Detalhes bibliográficos
Autor principal: Nguyễn, Thành Trí
Formato: Livro
Idioma:Undetermined
Publicado em: Hà Nội Khoa học và Kỹ thuật 2009
Assuntos:
Tags: Adicionar Tag
Sem tags, seja o primeiro a adicionar uma tag!
Thư viện lưu trữ: Trung tâm Học liệu Trường Đại học Cần Thơ
LEADER 00870nam a2200205Ia 4500
001 CTU_188598
008 210402s9999 xx 000 0 und d
020 |c 40000 
082 |a 621.2 
082 |b Tr300 
100 |a Nguyễn, Thành Trí 
245 0 |a Hệ thống thủy lực trên máy công nghiệp 
245 0 |c Nguyễn Thành Trí 
260 |a Hà Nội 
260 |b Khoa học và Kỹ thuật 
260 |c 2009 
520 |a Trình bày nguyên lí thuỷ lực, thuỷ tĩnh. Bình chứa dầu và phụ tùng, bơm thuỷ lực. Nguyên lí của bộ tác động trong hệ thống thuỷ lực. Cách mạch thuỷ lực và sơ đồ mạch... 
650 |a Fluid mechanics,Cơ học chất lỏng 
910 |a Hải 
980 |a Trung tâm Học liệu Trường Đại học Cần Thơ